Discurso leído por Cipriano Muñoz y Manzano en el Ateneo de Zaragoza en la sesión celebrada el día 27 de mayo de 1881 en honor del príncipe de nuestra dramática Don Pedro Calderón de la Barca, con motivo de su segundo centenario. (Record no. 167653)

MARC details
000 -LEADER
campo de control de longitud fija 00876nam a2200181 i 4500
001 - NÚMERO DE CONTROL
campo de control 167653
003 - IDENTIFICADOR DE NÚMERO DE CONTROL
campo de control ES-MaACL
005 - FECHA Y HORA DE LA ÚLTIMA TRANSACCIÓN
campo de control 20250131235131.0
008 - DATOS DE LONGITUD FIJA--INFORMACIÓN GENERAL
campo de control de longitud fija 990505s1881 sp |||| | spa d
100 1# - ENTRADA PRINCIPAL--NOMBRE DE PERSONA
Nombre de persona Viñaza, Cipriano Muñoz y Manzano
Títulos y otros términos asociados al nombre Conde de la.
9 (RLIN) 133815
245 10 - MENCIÓN DEL TÍTULO
Título Discurso leído por Cipriano Muñoz y Manzano en el Ateneo de Zaragoza en la sesión celebrada el día 27 de mayo de 1881 en honor del príncipe de nuestra dramática Don Pedro Calderón de la Barca, con motivo de su segundo centenario.
260 ## - PUBLICACIÓN, DISTRIBUCIÓN, ETC.
Lugar de publicación, distribución, etc. Zaragoza :
Nombre del editor, distribuidor, etc. [s.n.],
Fecha de publicación, distribución, etc. 1881 (
Fabricante Imp. del Hospicio Provincial)
300 ## - DESCRIPCIÓN FÍSICA
Extensión 38 p. ;
Dimensiones 29 cm.
600 14 - PUNTO DE ACCESO ADICIONAL DE MATERIA--NOMBRE DE PERSONA
Nombre de persona Calderón de la Barca, Pedro-
Subdivisión de forma Aniversarios y centenarios
9 (RLIN) 33612
710 2# - ENTRADA AGREGADA--NOMBRE DE ENTIDAD CORPORATIVA
Nombre de entidad corporativa o nombre de jurisdicción como elemento de entrada Ateneo de Zaragoza.
9 (RLIN) 2034
852 ## - LOCALIZACIÓN
Ubicación ES-MaACL
Número de control de estantería T-393-F-1
Nota libre - Enc. hol.
condición física - Falto de cub. original
Nota libre - Enc. en un vol. facticio
Holdings
Estatus retirado Estado de pérdida Estado de daño No para préstamo Colección Biblioteca de origen Biblioteca actual Ubicación en estantería Fecha de adquisición Total de préstamos Signatura topográfica completa Código de barras Visto por última vez Precio de reemplazo Tipo de ítem Koha
        Colección de folletos Biblioteca del Ateneo de Madrid Biblioteca del Ateneo de Madrid Depósito folletos 17/01/2008   T-393-F-1 1175887 23/02/2023 23/02/2023 Folleto